000 00527nam a22001457a 4500
005 20241217094219.0
008 241001b |||||||| |||| 00| 0 eng d
082 _2DPer050 M72 January-March 2018 v. 66 no. 8-10
100 _aQuinsay, Rommel R.
_eauthor.
_961912
245 _aAklat ba o kompyuter? /
_cRommel R. Quinsay.
260 _aPhilippines;
_bPublishers Association of the Philippines, Inc.,
_cNovember 2018.
300 _aVolume 66, pages 231-233.
700 _aQuinsay, Rommel R.
_eauthor.
_961913
942 _2ddc
_cPER
999 _c22062
_d22062